EVENTS MANAGEMENT (Record no. 8089)

MARC details
000 -LEADER
fixed length control field 00312nam a22001457a 4500
020 ## - INTERNATIONAL STANDARD BOOK NUMBER
International Standard Book Number 81-8204-032-9
082 ## - DEWEY DECIMAL CLASSIFICATION NUMBER
Classification number 658
Item number SIN
100 ## - MAIN ENTRY--PERSONAL NAME
Personal name SINGH, R.K
245 ## - TITLE STATEMENT
Title EVENTS MANAGEMENT
260 ## - PUBLICATION, DISTRIBUTION, ETC. (IMPRINT)
Place of publication, distribution, etc DELHI
Name of publisher, distributor, etc AMAN PUBLISHER
Year of Publication 2014
300 ## - PAGE DESCRIPTION
No. of Pages 286
650 ## - SUBJECT ADDED ENTRY--TOPICAL TERM
Topical term or geographic name as entry element EVENT MANAGEMENT
653 ## - KEYWORDS--INDEX TERM
Keyword term EVENT
942 ## - ADDED ENTRY ELEMENTS (KOHA)
Source of classification or shelving scheme Dewey Decimal Classification
Koha item type Books
Holdings
Withdrawn status Lost status Source of classification or shelving scheme Damaged status Not for loan Collection code Home library Current library Date acquired Vendor Name Cost, normal purchase price SGTU Bill Number Total Checkouts Full call number Accession No. (Barcode) Date last seen Bill Date Koha item type Date last borrowed
    Dewey Decimal Classification     HOTEL MANAGEMENT SGT Science & Social Sciences Library SGT Science & Social Sciences Library 12/10/2015 JINDAL BOOK SERVICE 650.00 SGTU 1775   658 SIN HM565 12/10/2015 07/09/2015 Books  
    Dewey Decimal Classification     HOTEL MANAGEMENT SGT Science & Social Sciences Library SGT Science & Social Sciences Library 12/10/2015 JINDAL BOOK SERVICE 650.00 SGTU 1775 2 658 SIN HM566 06/01/2026 07/09/2015 Books 26/06/2025